| 000 | 00456nam a22001577a 4500 | ||
|---|---|---|---|
| 003 | URS | ||
| 005 | 20251002143116.0 | ||
| 008 | 251002b |||||||| |||| 00| 0 eng d | ||
| 022 | _223781815 | ||
| 040 |
_beng _cURS Pililla _dURS Pililla _erda |
||
| 100 |
_aHandelman, Jay M _eeditor |
||
| 245 | _aConsumer Movement and Activism/ | ||
| 264 |
_aIllinois: _bThe University of Chicago Press, _c2024 |
||
| 300 |
_avolume, _billustrations; _c24 cm. |
||
| 942 |
_2ddc _cCR |
||
| 999 |
_c87110 _d87108 |
||